000 00626nam a2200229Ia 4500
001 dia_7376
003 CHAP
008 220117s1973 xx 000 0 und d
010 _a178654
040 _cCHAP
090 _aF 664 1973
110 _aU.S. Department of Agriculture
_9161735
245 _aUnited States standards for grades of canned leafy greens
260 _aEstados Unidos de América :
_b Department of Agriculture,
_c1973
300 _a13 p.
901 _aF 664 1973
902 _aM
905 _a0000001973 -us 0000000000eng00
942 _c12
942 _c12
999 _c178654
_d178654